HEALTH EDUCATION AND FOUNDATION OF PHYSICAL EDUCATION (Record no. 41044)
[ view plain ]
| 000 -LEADER | |
|---|---|
| fixed length control field | nam a22 7a 4500 |
| 003 - CONTROL NUMBER IDENTIFIER | |
| control field | OSt |
| 005 - DATE AND TIME OF LATEST TRANSACTION | |
| control field | 20180217155923.0 |
| 008 - FIXED-LENGTH DATA ELEMENTS--GENERAL INFORMATION | |
| fixed length control field | 180217b xxu||||| |||| 00| 0 eng d |
| 040 ## - CATALOGING SOURCE | |
| Transcribing agency | SERO SOFT |
| 100 ## - MAIN ENTRY--PERSONAL NAME | |
| Personal name | MALIK,DR.SATISH |
| 245 ## - TITLE STATEMENT | |
| Title | HEALTH EDUCATION AND FOUNDATION OF PHYSICAL EDUCATION |
| 260 ## - PUBLICATION, DISTRIBUTION, ETC. | |
| Place of publication, distribution, etc. | NEW DELHI |
| Name of publisher, distributor, etc. | SPORTS PUB NEW DELHI |
| 300 ## - PHYSICAL DESCRIPTION | |
| Extent | 347 |
| 942 ## - ADDED ENTRY ELEMENTS (KOHA) | |
| Source of classification or shelving scheme | |
| Koha item type | Text-Book- for 7 days |
| Withdrawn status | Lost status | Source of classification or shelving scheme | Damaged status | Not for loan | Home library | Current library | Date acquired | Source of acquisition | Cost, normal purchase price | Inventory number | Total Checkouts | Total Renewals | Barcode | Date last seen | Date last checked out | Price effective from | Koha item type |
|---|---|---|---|---|---|---|---|---|---|---|---|---|---|---|---|---|---|
| IIMT University College of Education-B.P.Ed | IIMT University College of Education-B.P.Ed | 02/13/2018 | BANSAL BOOK | 800.00 | 6128 | 11 | 4 | 17-B-3105 | 07/10/2025 | 06/26/2025 | 02/17/2018 | Text-Book- for 7 days | |||||
| IIMT University College of Education-B.P.Ed | IIMT University College of Education-B.P.Ed | 02/13/2018 | BANSAL BOOK | 800.00 | 6128 | 5 | 1 | 17-B-3106 | 02/18/2025 | 01/14/2025 | 02/17/2018 | Text-Book- for 7 days | |||||
| IIMT University College of Education-B.P.Ed | IIMT University College of Education-B.P.Ed | 02/13/2018 | BANSAL BOOK | 800.00 | 6128 | 5 | 5 | 17-B-3107 | 03/02/2022 | 02/12/2022 | 02/17/2018 | Text-Book- for 7 days | |||||
| IIMT University College of Education-B.P.Ed | IIMT University College of Education-B.P.Ed | 02/13/2018 | BANSAL BOOK | 800.00 | 6128 | 5 | 1 | 17-B-3108 | 02/02/2024 | 01/24/2024 | 02/17/2018 | Text-Book- for 7 days | |||||
| IIMT University College of Education-B.P.Ed | IIMT University College of Education-B.P.Ed | 02/13/2018 | BANSAL BOOK | 800.00 | 6128 | 17 | 6 | 17-B-3109 | 05/04/2026 | 05/04/2026 | 02/17/2018 | Text-Book- for 7 days |

